000 01061ngm a22003250a 4500
001 PT47158
003 AR-LpoUNG
005 20210202000005.0
007 vd cvaizq
008 191001s2006||||xxu|||||||||||||||||spa d
037 _c$7
040 _aAR-LpoUNG
_bspa
_cAR-LpoUNG
_eaacr
041 _aspa
_aeng
044 _axxu
082 0 _a808.068 658v2
100 1 _aSaldanha, Carlos
_edir.
245 1 3 _aLa era de hielo = The meltdown
260 _aCalifornia :
_bTwentieth Century Fox,
_c2006.
300 _aDVD (91 min.) : son., col.
505 0 _aSubtitulada en inglés y español.
520 _aManny, el lanudo mamut, Sid, el perezoso, Diego, el tigre Dientes de Sable, y la ardilla Scrat están de regreso. La Era de Hielo está por llegar a su fin y los animales se deleitan en ese nuevo paraíso en deshielo que es su nuevo mundo.
653 _aANIMACION
653 _aAVENTURA
653 _aDVD
653 _aVIDEOS
653 _aVIDEOS INFANTILES
710 2 _aBlue Sky Studios (Estados Unidos)
905 _a47158
942 _cDVD
999 _c53920
_d53920